Como pájaro herido / (Record no. 11999)

MARC details
000 -LEADER
campo de control de longitud fija 00886nam a22002535i 4500
001 - NÚMERO DE CONTROL
campo de control 11999
003 - IDENTIFICADOR DE NÚMERO DE CONTROL
campo de control ES-MaACL
005 - FECHA Y HORA DE LA ÚLTIMA TRANSACCIÓN
campo de control 20240118210050.0
007 - CAMPO FIJO DE DESCRIPCIÓN FÍSICA--INFORMACIÓN GENERAL
campo de control de longitud fija t|
008 - DATOS DE LONGITUD FIJA--INFORMACIÓN GENERAL
campo de control de longitud fija 930407s1993 sp ||||0| spa j
020 ## - NÚMERO INTERNACIONAL ESTÁNDAR DEL LIBRO
Número Internacional Estándar del Libro 84-87422-28-4
040 ## - FUENTE DE CATALOGACIÓN
Centro catalogador/agencia de origen M-BN
Lengua de catalogación spa
Centro/agencia transcriptor M-BN
080 ## - NÚMERO DE LA CLASIFICACIÓN DECIMAL UNIVERSAL
Número de la Clasificación Decimal Universal 860-14"19"
100 1# - ENTRADA PRINCIPAL--NOMBRE DE PERSONA
Nombre de persona Gómez y Vichares, Vicente.
9 (RLIN) 58195
245 10 - MENCIÓN DEL TÍTULO
Título Como pájaro herido /
Mención de responsabilidad, etc. Vicente Gómez y Vichares ; [edición a cargo de Juan Ruiz de Torres ; dibujos de Rafael Pi Belda].
260 ## - PUBLICACIÓN, DISTRIBUCIÓN, ETC.
Lugar de publicación, distribución, etc. Villanueva de la Cañada, Madrid :
Nombre del editor, distribuidor, etc. Altorrey,
Fecha de publicación, distribución, etc. 1992 [i.e.1993 ]
300 ## - DESCRIPCIÓN FÍSICA
Extensión 52 p :
Otras características físicas il ;
Dimensiones 21 cm.
490 1# - MENCIÓN DE SERIE
Mención de serie Colección Ariadna
700 1# - ENTRADA AGREGADA--NOMBRE PERSONAL
Nombre de persona Ruiz de Torres, Juan,
Fechas asociadas al nombre 1931-2014
9 (RLIN) 155342
700 1# - ENTRADA AGREGADA--NOMBRE PERSONAL
Nombre de persona Pi Belda, Rafael.
9 (RLIN) 91717
830 0# - PUNTO DE ACCESO ADICIONAL DE SERIE-TÍTULO UNIFORME
Título uniforme Colección Ariadna
9 (RLIN) 178250
852 ## - LOCALIZACIÓN
Ubicación ES-MaACL
Número de control de estantería L-19307
Sublocalización o colección R.121330
condición física . - Ded. autógr. del autor
Holdings
Estatus retirado Estado de pérdida Estado de daño No para préstamo Biblioteca de origen Biblioteca actual Ubicación en estantería Fecha de adquisición Fuente de adquisición Total de préstamos Signatura topográfica completa Código de barras Visto por última vez Precio de reemplazo Tipo de ítem Koha
        Biblioteca del Ateneo de Madrid Biblioteca del Ateneo de Madrid Depósito 2 17/01/2008     L-19307 1012226 23/02/2023 23/02/2023 Libro impreso